Despido objetivo por ineptitud e incapacidades laborales Estudio tčnico y jurd̕ico-crt̕ico de su rǧimen jurd̕ico /

Bibliographic Details
Main Author: Monereo Přez, Jos ̌Luis
Format: eBook
Language:Spanish
Published: Albacete: Editorial Bomarzo, 2017
Subjects:
Online Access:Acceso restringido

MARC

LEADER 00000nam a22000007a 4500
005 20190326205450.0
007 cr|||| ||||
008 190326s2017 es |||||s|||| 00||0 spa d
020 |a 978-84-16608-99-7 
035 |a 23186 
040 |a vLex 
090 |c 8499  |d 8499 
100 1 |a Monereo Přez, Jos ̌Luis 
245 1 0 |a Despido objetivo por ineptitud e incapacidades laborales  |h [Recurso electrn̤ico] :  |b Estudio tčnico y jurd̕ico-crt̕ico de su rǧimen jurd̕ico /  |c Jos ̌Luis Monereo Přez 
256 |a Servicio en ln̕ea 
260 |a Albacete:  |b Editorial Bomarzo,  |c 2017 
300 |a 1 recurso electrn̤ico 
500 |a Las limitaciones sobrevenidas del trabajdor pueden incidir en su capacidad para trabajar, con carc̀ter temporal o definitivo y de forma reversible o irreversible. En el ordenamiento jurd̕ico existe un cierto desacoplamiento sobre la materia entre las normas del Derecho del Trabajo, las de Seguridad Social y las de la discapacidad, al regular los llamados "despidos por enfermedad", en los que se alega como causa de ineptitud del trabajador y su falta de rendimiento, y tambiň sobre la calificacin̤ del despido. El estudio de ese marco normativo constituye el objeto de este libro. 
506 1 |a Disponible solo en los productos indicados  |d vLex Global  |d vLex Global (Academic Edition, excluding Law Schools)  |d vLex Global (U.S. Academic Edition, Law Schools)  |d vLex Global (U.S. Academic Edition, excluding Law Schools)  |d vLex Global (Academic Edition, Law Schools) 
650 |a Convenios Colectivos  |z Espaą 
740 0 |a vLex Libros (Servicio en ln̕ea) 
856 4 0 |u http://vlex.com/source/despido-objetivo-por-ineptitud-e-incapacidades-laborales-estudio-tecnico-y-juridico-critico-de-su-regimen-juridico-23186  |z Acceso restringido 
942 |c BOOK 
999 0 |a Collective Agreements